Central Library OPAC University of Rajshahi

Physics of quantum electronics : (Record no. 71765)

MARC details
000 -LEADER
fixed length control field 00901nam a2200265 a 4500
001 - CONTROL NUMBER
control field 71765
003 - CONTROL NUMBER IDENTIFIER
rucl marc code BD-RjUL
005 - DATE AND TIME OF LATEST TRANSACTION
control field 20211209082146.0
008 - FIXED-LENGTH DATA ELEMENTS--GENERAL INFORMATION
fixed length control field 170507s1966 nyua b 101 0 eng d
035 ## - SYSTEM CONTROL NUMBER
System control number (BD-RjUL)71981
040 ## - CATALOGING SOURCE
Original cataloging agency BD-RjUL
Language of cataloging eng
Transcribing agency BD-RjUL
Modifying agency BD-RjUL
041 ## - LANGUAGE CODE
Language code of text/sound track or separate title eng
082 ## - DEWEY DECIMAL CLASSIFICATION NUMBER
Edition number 23
Classification number 537.5
Author mark and year PHY 1966
111 2# - MAIN ENTRY--MEETING NAME
Meeting name or jurisdiction name as entry element Physics of Quantum Electronics Conference
Date of meeting (1965 :
Location of meeting San Juan, P.R.)
9 (RLIN) 212312
245 10 - TITLE STATEMENT
Title Physics of quantum electronics :
Remainder of title conference proceedings /
Statement of responsibility, etc. Edited by P.L. Kelley, B. Lax [and] P.E. Tannenwald
260 ## - PUBLICATION, DISTRIBUTION, ETC. (IMPRINT)
Place of publication, distribution, etc. New York ;
-- London :
Name of publisher, distributor, etc. McGraw-Hill,
Date of publication, distribution, etc. 1966
300 ## - PHYSICAL DESCRIPTION
Pagination xxvii, 861 p :
Illustrations ill. ;
Size 23 cm
504 ## - BIBLIOGRAPHY, ETC. NOTE
Bibliography, etc Includes bibliographies and index
650 #0 - SUBJECT ADDED ENTRY--TOPICAL TERM
Topical term or geographic name as entry element Quantum electronics
9 (RLIN) 157376
700 1# - ADDED ENTRY--PERSONAL NAME
Personal name Kelley, P. L.
Personal name Lax, Benjamin.
Personal name Tannenwald, P. E.
942 ## - ADDED ENTRY ELEMENTS (KOHA)
Source of classification or shelving scheme Dewey Decimal Classification
Koha item type Books
Holdings
Lost status Source of classification or shelving scheme Damaged status Not for loan Collection code Permanent Location Current Location Shelving location Date acquired Source of acquisition Cost, normal purchase price Total Checkouts Full call number Date last seen Copy number Koha item type
  Dewey Decimal Classification   Not For Loan Non-fiction Central Library, University of Rajshahi Central Library, University of Rajshahi Reading Room 13/10/1970 Swets and Zeitlinger 224.00   537.5 PHY 1966 07/05/2017 C-1 Books
  Dewey Decimal Classification   Not For Loan Non-fiction Central Library, University of Rajshahi Central Library, University of Rajshahi   13/10/1970 Swets and Zeitlinger 224.00   537.5 PHY 1966 07/05/2017 C-2 Books